Statistics for Classical composers with missing letters #1

Click here to take the quiz!

General Stats

  • This quiz has been taken 45 times
  • The average score is 9 of 15

Answer Stats

HintAnswer% Correct
_E_T_O_E_Beethoven
97%
_A_HBach
95%
_O_A_TMozart
84%
_I_Z_Liszt
68%
_C_A_K_V_K_Tchaikovsky
68%
_R_H_SBrahms
65%
_H_S_A_O_I_HShostakovich
65%
_A_N_RWagner
65%
_A_N_-S_E_SSaint-saens
62%
_I_A_D_Vivaldi
57%
_R_K_F_E_Prokofiev
54%
_R_E_Grieg
43%
_O_S_N_Rossini
35%
_L_A_Elgar
32%
_L_S_Glass/Bliss
30%

Score Distribution

Percentile by Number Answered

Percent of People with Each Score

Your Score History

You have not taken this quiz